KPK research digest annual 2012
| Format: | Book |
|---|---|
| Language: | English |
| Published: |
Kuala Lumpur :
KPK Research
2012
|
| Subjects: |
MARC
| LEADER | 00000cam a2200000 7i4500 | ||
|---|---|---|---|
| 001 | 0000027560 | ||
| 005 | 20241119.0 | ||
| 008 | 170918 si a eng | ||
| 040 | |a INS |b eng |e rda | ||
| 090 | 0 | 0 | |a TH435 |b K65 2012 |
| 245 | 0 | 0 | |a KPK research digest annual 2012 |
| 264 | 1 | |a Kuala Lumpur : |b KPK Research |c 2012 | |
| 300 | |a 112 pages : |b color, illustration ; |c 19 cm. | ||
| 310 | |a Annual | ||
| 336 | |a text |2 rdacontent | ||
| 337 | |a unmediated |2 rdamedia | ||
| 338 | |a volume |2 rdacarrier | ||
| 650 | 0 | |a Building |x Estimates | |
| 999 | |a 0000024512 |b BOOK |c Open Shelf |e Default branch | ||